[Event "22nd ch-EUR Indiv 2022"]
[Site "Terme Catez SLO"]
[Date "2022.03.30"]
[Round "4.95"]
[White "Gombocz, Ferenc Jr."]
[Black "Tratar, Marko"]
[Result "0-1"]
[WhiteTitle "FM"]
[BlackTitle "GM"]
[WhiteElo "2188"]
[BlackElo "2417"]
[WhiteFideId "775029"]
[BlackFideId "14600684"]
[EventDate "2022.03.27"]

1. c4 g6 2. g3 Bg7 3. Bg2 c5 4. Nc3 Nc6 5. Nf3 d6 6. O-O Bf5 7. d3 Qd7 8. Bd2
Bh3 9. Bxh3 Qxh3 10. Nd5 Qd7 11. Rb1 e6 12. Ne3 Nge7 13. a3 O-O 14. b4 Nd4 15.
Nxd4 cxd4 16. Ng2 Rfc8 17. Qb3 Rc7 18. Rfc1 b6 19. Rc2 Rac8 20. Rbc1 h6 21. Ne1
Kh7 22. a4 f5 23. b5 e5 24. f4 e4 25. a5 g5 26. Ng2 Ng6 27. axb6 axb6 28. Ra2 e3
29. Bb4 gxf4 30. gxf4 Rg8 31. Kh1 Bf6 32. Be1 Qg7 33. Bg3 h5 34. Rg1 h4 35. Ne1
Nxf4 36. c5 dxc5 37. Ra8 hxg3 38. Rxg3 Rxa8 39. Rxg7+ Rxg7 40. Qb1 Nh3 41. Ng2
Nf2+ 42. Kg1 Rag8 0-1

[Event "22nd ch-EUR Indiv 2022"]
[Site "Terme Catez SLO"]
[Date "2022.03.30"]
[Round "4.96"]
[White "Ben Ari, Yannay"]
[Black "Mihov, Filip"]
[Result "1-0"]
[WhiteTitle "FM"]
[WhiteElo "2417"]
[BlackElo "2255"]
[WhiteFideId "2815222"]
[BlackFideId "15003892"]
[EventDate "2022.03.27"]

1. c4 e6 2. g3 c5 3. Bg2 d5 4. Nf3 Nf6 5. O-O Nc6 6. cxd5 exd5 7. d4 Be6 8. Nc3
Be7 9. dxc5 Bxc5 10. Ng5 O-O 11. Bf4 a6 12. Rc1 Ba7 13. a3 Qe7 14. e4 d4 15. Nd5
Bxd5 16. exd5 Ne5 17. Re1 Nfd7 18. Bxe5 Qxg5 19. Bxd4 Bb6 20. Bxb6 Nxb6 21. Qd4
Nd7 22. Rc7 Rad8 23. Rxb7 Nf6 24. Rbe7 Rd6 25. Qb4 Rdd8 26. h4 Qf5 27. R7e5 Qd3
28. R5e3 Qf5 29. Qd4 h6 30. Re5 Qd7 31. Rd1 Ne8 32. Qb6 Nd6 33. Qxa6 Rb8 34. Qe2
Rfc8 35. b4 Ra8 36. Re3 Qa4 37. Re1 Ra7 38. Qf3 Qc2 39. Qf4 Rd8 40. Bf3 Qb2 41.
Bh5 Qa2 42. Qf3 Qb2 43. Qe2 Qd4 44. Rd1 Qb6 45. Rc1 Qd4 46. Rd3 Qf6 47. Rf3 Qd4
48. Qe3 Qb2 49. Qxa7 Qxc1+ 50. Kg2 g6 51. Qe7 Qc8 52. Bg4 Qb8 53. Bd7 Qc7 54.
Qe3 Qxd7 55. Qxh6 Nf5 56. Qg5 Kg7 57. Rxf5 Qxf5 58. Qxd8 Qe4+ 59. Kh2 Qd4 60.
Kg1 Qd1+ 61. Kg2 Qe2 62. Qg5 Qe4+ 63. Kh2 1-0

[Event "22nd ch-EUR Indiv 2022"]
[Site "Terme Catez SLO"]
[Date "2022.03.30"]
[Round "4.97"]
[White "Krastev, Alexander"]
[Black "Saraci, Korab"]
[Result "1-0"]
[WhiteTitle "FM"]
[WhiteElo "2409"]
[BlackElo "2229"]
[WhiteFideId "12989983"]
[BlackFideId "4701968"]
[EventDate "2022.03.27"]

1. e4 e5 2. Nc3 Nc6 3. Bc4 Nf6 4. d3 Be7 5. Nf3 d6 6. a4 O-O 7. h3 Be6 8. O-O
Qd7 9. Re1 Nd8 10. Bxe6 Nxe6 11. d4 exd4 12. Nxd4 Nxd4 13. Qxd4 Rfe8 14. Bf4 Qc6
15. Qd3 a6 16. a5 Rad8 17. Re3 h6 18. Bh2 Bf8 19. Rd1 Qc5 20. e5 Nd7 21. exd6
Ne5 22. Qe2 cxd6 23. Rd5 Qc8 24. Bxe5 dxe5 25. Rexe5 Rxe5 26. Qxe5 Re8 27. Qd4
Re1+ 28. Kh2 Qc7+ 29. g3 Qc6 30. Qd2 Ra1 31. Nd1 Qf6 32. Kg2 Qc6 33. Kh2 g6 34.
c3 Bg7 35. h4 Qc4 36. Rd8+ Kh7 37. Qd5 Qxd5 38. Rxd5 h5 39. Kg2 Bh6 40. f4 Bf8
41. Kf3 Kg7 42. b4 Kf6 43. Ke4 Rc1 44. Rd2 Ke6 45. Kd4 Bg7+ 46. Kc4 Kf5 47. Kb3
Ra1 48. Kb2 Ra4 49. Ne3+ Ke4 50. Nc2 1-0

[Event "22nd ch-EUR Indiv 2022"]
[Site "Terme Catez SLO"]
[Date "2022.03.30"]
[Round "4.98"]
[White "Dobrovoljc, Vid"]
[Black "Babrauskas, Darius"]
[Result "1-0"]
[WhiteTitle "FM"]
[WhiteElo "2406"]
[BlackElo "2003"]
[WhiteFideId "14609843"]
[BlackFideId "12805602"]
[EventDate "2022.03.27"]

1. d4 d5 2. c4 c6 3. Nf3 Nf6 4. Nc3 e6 5. Bg5 h6 6. Bh4 dxc4 7. e4 g5 8. Bg3 b5
9. Be2 Bb7 10. Qc2 Nbd7 11. Nd2 Qb6 12. Rd1 c5 13. d5 a6 14. O-O O-O-O 15. a4
exd5 16. axb5 axb5 17. exd5 h5 18. Qf5 h4 19. Be5 Re8 20. Bg4 Rxe5 21. Qxe5 Rg8
22. Bxd7+ Kxd7 23. Nxb5 Ne8 24. Rfe1 Bd6 25. Qf5+ Kd8 26. Qxf7 Qxb5 27. Qxg8 Bc8
28. Nxc4 Bb8 29. Na5 Bd7 30. Nc6+ Kc7 31. Rxe8 1-0

[Event "22nd ch-EUR Indiv 2022"]
[Site "Terme Catez SLO"]
[Date "2022.03.30"]
[Round "4.99"]
[White "Golubka, Petro"]
[Black "Fishchuk, Vladyslav"]
[Result "1-0"]
[WhiteTitle "GM"]
[WhiteElo "2401"]
[BlackElo "1760"]
[WhiteFideId "14114224"]
[BlackFideId "34122117"]
[EventDate "2022.03.27"]

1. e4 c5 2. a4 Nc6 3. Bb5 Nd4 4. Nc3 Nxb5 5. axb5 d6 6. d4 b6 7. dxc5 dxc5 8.
Qd5 Bd7 9. Qb7 e6 10. Bf4 Be7 11. Rxa7 Rxa7 12. Qxa7 Nf6 13. Nge2 O-O 14. O-O
Qa8 15. Ra1 Qc8 16. Qxb6 c4 17. Bd6 Bxd6 18. Qxd6 Rd8 19. Qb6 e5 20. f3 h5 21.
h4 Be6 22. Qe3 Kh7 23. Kf2 Qb8 24. Ke1 Nd7 25. Ra6 g6 26. Qa7 Qc8 27. Rc6 Qb8
28. Qxb8 Rxb8 29. Kd2 Rb6 30. Rxb6 Nxb6 31. f4 f6 32. Ke3 Kg7 33. Ng1 Kf7 34.
Nf3 1-0

[Event "22nd ch-EUR Indiv 2022"]
[Site "Terme Catez SLO"]
[Date "2022.03.30"]
[Round "4.100"]
[White "Zlatkov, Anton"]
[Black "Rozen, Eytan"]
[Result "0-1"]
[BlackTitle "IM"]
[WhiteElo "2081"]
[BlackElo "2398"]
[WhiteFideId "15005402"]
[BlackFideId "2816750"]
[EventDate "2022.03.27"]

1. e4 c5 2. Nf3 d6 3. Bb5+ Nd7 4. O-O a6 5. Bd3 Ngf6 6. Re1 Qc7 7. Bf1 Ne5 8.
Nxe5 dxe5 9. a4 b6 10. Bc4 e6 11. Nc3 Be7 12. d3 O-O 13. Be3 Bd7 14. g3 Rab8 15.
f4 Bd6 16. Qf3 b5 17. axb5 axb5 18. Bb3 Ra8 19. Red1 Rxa1 20. Rxa1 c4 21. Ra7
Qb8 22. Ba2 b4 23. Nd1 b3 24. cxb3 cxd3 25. Ra6 Rc8 26. Nc3 h5 27. Ba7 Qb7 28.
Rxd6 Qxa7+ 29. Qf2 Qxf2+ 30. Kxf2 Rxc3 31. bxc3 Nxe4+ 32. Ke3 Nxd6 33. fxe5 Nf5+
34. Kxd3 h4 35. gxh4 Nxh4 36. Kd4 Kf8 37. h3 g5 38. b4 Nf3+ 0-1

[Event "22nd ch-EUR Indiv 2022"]
[Site "Terme Catez SLO"]
[Date "2022.03.30"]
[Round "4.102"]
[White "Vetoshko, Volodymyr"]
[Black "Milikow, Elie"]
[Result "1-0"]
[WhiteTitle "GM"]
[BlackTitle "CM"]
[WhiteElo "2507"]
[BlackElo "2256"]
[WhiteFideId "14122480"]
[BlackFideId "371281868"]
[EventDate "2022.03.27"]

1. e4 c5 2. Nf3 Nc6 3. Bb5 g6 4. Bxc6 dxc6 5. d3 Bg7 6. h3 Nf6 7. Nc3 Nd7 8. Be3
e5 9. Qd2 h6 10. O-O b6 11. a3 Nf8 12. b4 cxb4 13. axb4 Ne6 14. Ne2 g5 15. Qc3
Qc7 16. Ng3 O-O 17. Nf5 Re8 18. Nxg7 Nxg7 19. d4 exd4 20. Bxd4 f5 21. Be5 Qb7
22. Rfe1 fxe4 23. Nd2 Bf5 24. Nxe4 Bxe4 25. Rxe4 Re6 26. Rae1 Rae8 27. h4 Qf7
28. hxg5 hxg5 29. f3 Nh5 30. g3 Rg6 31. Kg2 Nf6 32. Rh1 Re6 33. Qd3 Qe7 34. Bd6
Rxd6 35. Rxe7 Rxd3 36. cxd3 Rg7 37. Rxg7+ Kxg7 38. Rc1 Nd5 39. Rxc6 Nxb4 40.
Rc7+ Kf8 41. Rxa7 Nxd3 42. Rb7 Ne1+ 43. Kf2 Nd3+ 44. Ke2 Nb4 45. Rxb6 Nd5 46.
Rg6 Nc3+ 47. Kd3 Nb5 48. Rxg5 1-0

[Event "22nd ch-EUR Indiv 2022"]
[Site "Terme Catez SLO"]
[Date "2022.03.30"]
[Round "4.103"]
[White "Gokerkan, Cem Kaan"]
[Black "Gajcin, Marina"]
[Result "1-0"]
[WhiteTitle "IM"]
[BlackTitle "WIM"]
[WhiteElo "2445"]
[BlackElo "2254"]
[WhiteFideId "6336760"]
[BlackFideId "949086"]
[EventDate "2022.03.27"]

1. e4 c5 2. Nf3 Nc6 3. Bb5 Qc7 4. O-O e6 5. Re1 Nge7 6. b3 a6 7. Bf1 e5 8. Nc3
d6 9. Nd5 Nxd5 10. exd5 Ne7 11. Bb2 f6 12. b4 cxb4 13. d4 Ng6 14. Bd3 Bg4 15. h3
Bxf3 16. Qxf3 Be7 17. Qh5 O-O-O 18. g3 Kb8 19. a3 f5 20. Qxf5 Bf6 21. axb4 exd4
22. b5 a5 23. b6 Qxb6 24. Reb1 Qc7 25. Bc1 Rdf8 26. Ba6 b6 27. Rxa5 Bd8 28. Qd3
Qc3 29. Qxc3 dxc3 30. Be3 Kc7 31. Rxb6 Kd7 32. Rb7+ Bc7 33. Bb5+ Kc8 34. Ra8+ 1-0

[Event "22nd ch-EUR Indiv 2022"]
[Site "Terme Catez SLO"]
[Date "2022.03.30"]
[Round "4.104"]
[White "Zadravec, Matija"]
[Black "Sanikidze, Tornike"]
[Result "1/2-1/2"]
[BlackTitle "GM"]
[WhiteElo "2239"]
[BlackElo "2439"]
[WhiteFideId "14533413"]
[BlackFideId "13602608"]
[EventDate "2022.03.27"]

1. e4 g6 2. d4 Bg7 3. Nc3 d6 4. f4 Nc6 5. Be3 Nf6 6. h3 e6 7. Nf3 a6 8. Qd2 Ne7
9. Bd3 b5 10. a3 Bb7 11. O-O Qd7 12. Rae1 h6 13. b4 Bc6 14. Qe2 Bb7 15. Qf2 Qc6
16. Bd2 Qb6 17. Be3 Qc6 18. Bd2 Qb6 1/2-1/2

[Event "22nd ch-EUR Indiv 2022"]
[Site "Terme Catez SLO"]
[Date "2022.03.30"]
[Round "4.105"]
[White "Ibrahimli, Murad"]
[Black "Vagman, Roy"]
[Result "1-0"]
[WhiteTitle "IM"]
[BlackTitle "CM"]
[WhiteElo "2432"]
[BlackElo "2247"]
[WhiteFideId "13410229"]
[BlackFideId "2828995"]
[EventDate "2022.03.27"]

1. d4 d5 2. Nf3 Nf6 3. c4 e6 4. g3 dxc4 5. Bg2 Bd7 6. Nbd2 Bb5 7. Ne5 a5 8. Bxb7
Ra7 9. Bg2 Qxd4 10. Nexc4 Bb4 11. O-O O-O 12. a3 Bxd2 13. Nxd2 Rd8 14. Re1 Na6
15. Qc2 Nd5 16. Nf3 Qc5 17. Qe4 h6 18. Bd2 Qe7 19. Rac1 a4 20. Qc2 Nb6 21. Ne5
Nb8 22. Bb4 Qe8 23. Red1 Nd5 24. Bc5 Ra6 25. e4 Nf6 26. Rxd8 Qxd8 27. Be3 Nc6
28. Qc5 Qb8 29. h3 Nxe5 30. Qxe5 Ne8 31. g4 Rc6 32. Re1 Nd6 33. Bd4 Qf8 34. h4
Bc4 35. g5 hxg5 36. hxg5 Nb5 37. g6 Nxd4 38. gxf7+ Qxf7 39. Qxd4 Bb3 40. Bh3 Qf4
41. Re3 Rd6 42. Qc3 Kh7 43. Kg2 Rd1 44. Qa5 Kh6 45. Qa8 Kh7 46. Qe8 Qg5+ 47. Rg3
Qh6 48. Qb5 Rc1 49. Qe5 Bc4 50. Kh2 Bf1 51. Qxe6 Qxe6 52. Bxe6 Rc2 53. Kg1 Bb5
54. Bf7 Rc6 55. e5 g6 56. e6 Kg7 57. Rxg6+ Kf8 58. f4 Rc1+ 59. Kf2 Bd3 60. Rg5
Ke7 61. Ke3 Bc4 62. Rc5 Re1+ 63. Kd2 Re4 64. f5 Kf6 65. Bh5 Rh4 66. Bd1 Ba6 67.
Rxc7 Kxf5 68. e7 Rh8 69. Bxa4 1-0

[Event "22nd ch-EUR Indiv 2022"]
[Site "Terme Catez SLO"]
[Date "2022.03.30"]
[Round "4.106"]
[White "Gershkowich, David"]
[Black "Damjanovic, Vuk"]
[Result "0-1"]
[WhiteTitle "FM"]
[BlackTitle "FM"]
[WhiteElo "2233"]
[BlackElo "2409"]
[WhiteFideId "2803356"]
[BlackFideId "980021"]
[EventDate "2022.03.27"]

1. e4 c6 2. d3 d5 3. Nd2 g6 4. Ngf3 Bg7 5. c3 e5 6. d4 exd4 7. cxd4 Ne7 8. Bd3
O-O 9. O-O b6 10. Re1 Ba6 11. Bxa6 Nxa6 12. exd5 Nxd5 13. Ne4 Re8 14. Bg5 f6 15.
Bd2 Qd7 16. Qa4 Nac7 17. Rac1 Re6 18. Nc3 Ne7 19. Qb3 Re8 20. Rxe6 Qxe6 21. Qa4
a5 22. Re1 Qd7 23. Qb3+ Ncd5 24. Na4 Nc8 25. Nc3 Rxe1+ 26. Nxe1 Ne7 27. Na4 Qc7
28. g3 Bf8 29. Bf4 Qd8 30. Nf3 b5 31. Nc5 a4 32. Qd3 Nxf4 33. gxf4 Qd5 34. b3 a3
35. Qe2 Qf5 36. Kf1 Nd5 37. Qe8 Qh3+ 38. Ke2 Nxf4+ 39. Ke3 Nd5+ 40. Ke2 Kg7 41.
Qxc6 Qf5 42. Nh4 Qh5+ 43. Ke1 Kh6 44. Ne6 Bb4+ 45. Kf1 Qd1+ 46. Kg2 Qg4+ 47. Kf1
Qh3+ 48. Kg1 Qg4+ 49. Kf1 Nc3 50. Nf3 Qh3+ 51. Ke1 Nd5+ 52. Ke2 Qxe6+ 0-1

[Event "22nd ch-EUR Indiv 2022"]
[Site "Terme Catez SLO"]
[Date "2022.03.30"]
[Round "4.107"]
[White "Rakhmangulova, Anastasiya"]
[Black "Sarrau, Jelle"]
[Result "1-0"]
[WhiteTitle "WIM"]
[BlackTitle "FM"]
[WhiteElo "2229"]
[BlackElo "2401"]
[WhiteFideId "14117479"]
[BlackFideId "207608"]
[EventDate "2022.03.27"]

1. e4 c5 2. Nf3 d6 3. d4 cxd4 4. Nxd4 Nf6 5. Nc3 a6 6. Bg5 Nbd7 7. Bc4 Qb6 8.
Bb3 e6 9. Qd2 Be7 10. O-O-O Nc5 11. Rhe1 Qc7 12. f4 h6 13. Bxf6 Bxf6 14. Kb1 O-O
15. Nf3 Be7 16. g4 b5 17. g5 hxg5 18. Nxg5 Bb7 19. h4 Rfc8 20. Qe2 b4 21. Na4
Nxb3 22. axb3 Bc6 23. Rh1 Bf6 24. Rh3 Bb5 25. Qd2 Rab8 26. Rg1 Qc6 27. Rhg3 Bxa4
28. bxa4 Qxa4 29. e5 Bxg5 30. Rxg5 g6 31. b3 Qa3 32. h5 Rb5 33. hxg6 f5 34. exf6
d5 35. Rh5 Ra5 36. Rh8+ 1-0

[Event "22nd ch-EUR Indiv 2022"]
[Site "Terme Catez SLO"]
[Date "2022.03.30"]
[Round "4.109"]
[White "Pasti, Aron"]
[Black "Bauer, Thomas"]
[Result "0-1"]
[WhiteTitle "FM"]
[BlackTitle "CM"]
[WhiteElo "2398"]
[BlackElo "2224"]
[WhiteFideId "785857"]
[BlackFideId "1639293"]
[EventDate "2022.03.27"]

1. e4 c5 2. Nf3 d6 3. d4 cxd4 4. Nxd4 Nf6 5. Nc3 a6 6. h3 g6 7. g4 Bg7 8. Bg2 h5
9. g5 Nh7 10. Be3 O-O 11. Qd2 Nc6 12. O-O-O Bxd4 13. Bxd4 Nxd4 14. Qxd4 e5 15.
Qd2 Qxg5 16. Qxg5 Nxg5 17. h4 Ne6 18. Rxd6 Nd4 19. Nd5 Be6 20. Re1 Kg7 21. Rb6
Rab8 22. c3 Nc6 23. b4 Na7 24. Nc7 Bxa2 25. Rd6 Nc8 26. Rd2 Bc4 27. Kc2 Ne7 28.
Bh3 Rfd8 29. Red1 Rxd2+ 30. Rxd2 Ng8 31. f3 Nf6 32. Rd6 Be2 33. Bg2 Ne8 34.
Nxe8+ Rxe8 35. Rb6 Re7 36. Kd2 Bc4 37. Bh3 Rc7 38. Ke3 Kf8 39. Kf2 Bb5 40. Bg2
Ke7 41. f4 exf4 42. e5 Bc6 43. Bxc6 Rxc6 44. Rxc6 bxc6 45. Kf3 Ke6 46. Kxf4 Kd5
47. c4+ Kd4 0-1

[Event "22nd ch-EUR Indiv 2022"]
[Site "Terme Catez SLO"]
[Date "2022.03.30"]
[Round "4.110"]
[White "Sokolovsky, Yahli"]
[Black "Redzisz, Michal"]
[Result "1-0"]
[WhiteTitle "FM"]
[BlackTitle "FM"]
[WhiteElo "2395"]
[BlackElo "2223"]
[WhiteFideId "2820242"]
[BlackFideId "21816107"]
[EventDate "2022.03.27"]

1. e4 c6 2. Nf3 d5 3. Nc3 Bg4 4. Be2 e6 5. d4 Be7 6. O-O dxe4 7. Nxe4 Nf6 8. Ng3
O-O 9. h3 Bxf3 10. Bxf3 Qc7 11. Be3 Rd8 12. Ne4 c5 13. Nxf6+ Bxf6 14. d5 exd5
15. Bxd5 Nc6 16. Qf3 Nd4 17. Bxd4 Bxd4 18. c3 Be5 19. Rfe1 Bd6 20. Re2 Rab8 21.
Rae1 Rd7 22. h4 Rbd8 23. c4 Bf8 24. Re4 b5 25. b3 bxc4 26. bxc4 Rb8 27. g3 Rb6
28. Rf4 Rb2 29. Re8 Rb6 30. Be6 Rxe6 31. Rxe6 Qxf4 32. Qxf4 fxe6 33. Qe4 Rd6 34.
Qb7 Rd4 35. Qa6 Kf7 36. Qxa7+ Be7 37. Qa6 Rd2 38. a4 Kf6 39. a5 Kf5 40. Qb7 1-0

[Event "22nd ch-EUR Indiv 2022"]
[Site "Terme Catez SLO"]
[Date "2022.03.30"]
[Round "4.111"]
[White "Golubovic, Boris"]
[Black "Nareks, Matic"]
[Result "1/2-1/2"]
[WhiteTitle "IM"]
[BlackTitle "CM"]
[WhiteElo "2393"]
[BlackElo "2202"]
[WhiteFideId "14502160"]
[BlackFideId "14629526"]
[EventDate "2022.03.27"]

1. d4 Nf6 2. Nf3 e6 3. Bf4 c5 4. c3 Be7 5. e3 Nh5 6. Bxb8 Rxb8 7. Nbd2 Nf6 8.
Bd3 b5 9. O-O O-O 10. Re1 Qb6 11. e4 d5 12. e5 Nd7 13. b4 cxb4 14. cxb4 a5 15.
a3 g6 16. Rb1 Ba6 17. Qe2 Rfc8 18. bxa5 Qxa5 19. a4 Bb4 20. h4 h5 21. Red1 Rc6
22. axb5 Bxb5 23. Bxb5 Qxb5 24. Qxb5 Rxb5 25. Nf1 Kf8 26. Rd3 Rbb6 27. Rdb3 1/2-1/2

[Event "22nd ch-EUR Indiv 2022"]
[Site "Terme Catez SLO"]
[Date "2022.03.30"]
[Round "4.112"]
[White "Kanyamarala, Trisha"]
[Black "Bukal, Vladimir Jr."]
[Result "0-1"]
[WhiteTitle "WIM"]
[BlackTitle "IM"]
[WhiteElo "2180"]
[BlackElo "2391"]
[WhiteFideId "45004722"]
[BlackFideId "14502941"]
[EventDate "2022.03.27"]

1. d4 d5 2. c4 Nc6 3. Nf3 Bg4 4. cxd5 Bxf3 5. gxf3 Qxd5 6. e3 e6 7. Nc3 Qh5 8.
Be2 O-O-O 9. f4 Qh4 10. Bf3 Nge7 11. Qe2 h6 12. Bd2 g5 13. fxg5 hxg5 14. O-O-O
Kb8 15. Ne4 Nd5 16. Nc3 a6 17. a3 Qh7 18. Be1 f5 19. Qc2 Qh3 20. Be2 Qg2 21. Bd2
Qxf2 22. Rdf1 Qh4 23. Nxd5 Rxd5 24. Qb3 Rd6 25. Bxa6 Na5 26. Bxa5 Rxa6 27. Bc3
Qe4 28. Re1 Rh3 29. Qb5 Rc6 30. Kd2 Bd6 31. Qf1 g4 32. Qg1 f4 33. Kd1 Rxc3 34.
bxc3 Qd3+ 35. Kc1 Bxa3# 0-1

[Event "22nd ch-EUR Indiv 2022"]
[Site "Terme Catez SLO"]
[Date "2022.03.30"]
[Round "4.113"]
[White "Ceres, Dragos"]
[Black "Lozynskyi, Bohdan"]
[Result "1-0"]
[WhiteTitle "FM"]
[WhiteElo "2385"]
[BlackElo "2201"]
[WhiteFideId "13905864"]
[BlackFideId "14182602"]
[EventDate "2022.03.27"]

1. e4 e5 2. Nf3 Nc6 3. Bc4 Nf6 4. d3 h6 5. c3 d6 6. O-O g5 7. Nbd2 Bg7 8. Bb3
O-O 9. h3 Ne7 10. Re1 Ng6 11. Nf1 c6 12. Ng3 g4 13. hxg4 Bxg4 14. Nf5 Kh7 15. d4
d5 16. Nxg7 Nxe4 17. Rxe4 dxe4 18. Qd2 Nf4 19. Nxe5 Ne2+ 20. Kf1 Nxc1 21. Rxc1
Qh4 22. f3 exf3 23. gxf3 Bh3+ 24. Ke2 Kxg7 25. Rg1+ Kh7 26. Bxf7 Bf5 27. Kd1 Qf6
28. Rh1 Kg7 29. Bg6 Rh8 30. Rg1 Bxg6 31. Qd3 Kf8 32. Rxg6 Qf4 33. Rg4 1-0

[Event "22nd ch-EUR Indiv 2022"]
[Site "Terme Catez SLO"]
[Date "2022.03.30"]
[Round "4.114"]
[White "Ciolek, Andreas"]
[Black "Ohanyan, Emin"]
[Result "1/2-1/2"]
[WhiteTitle "FM"]
[BlackTitle "IM"]
[WhiteElo "2191"]
[BlackElo "2379"]
[WhiteFideId "12906727"]
[BlackFideId "13312022"]
[EventDate "2022.03.27"]

1. d4 Nf6 2. Nf3 d5 3. g3 c5 4. Bg2 cxd4 5. O-O h6 6. b3 e6 7. Bb2 Be7 8. Nxd4
e5 9. Nf3 e4 10. Nd4 Nc6 11. c4 O-O 12. Nc3 Nxd4 13. Qxd4 dxc4 14. Nxe4 Be6 1/2-1/2

[Event "22nd ch-EUR Indiv 2022"]
[Site "Terme Catez SLO"]
[Date "2022.03.30"]
[Round "4.115"]
[White "Tomazini, Zan"]
[Black "Herega, Nejc"]
[Result "1-0"]
[WhiteTitle "IM"]
[WhiteElo "2376"]
[BlackElo "2185"]
[WhiteFideId "14608162"]
[BlackFideId "14634058"]
[EventDate "2022.03.27"]

1. e4 c5 2. c3 d5 3. exd5 Qxd5 4. d4 Nc6 5. Nf3 Bf5 6. Be2 cxd4 7. cxd4 Bxb1 8.
Rxb1 e6 9. O-O Nf6 10. b4 Bxb4 11. Ne5 Qxa2 12. Be3 Qa5 13. Bf3 Nd5 14. Bxd5
exd5 15. Qg4 O-O 16. Bh6 g6 17. Bxf8 Rxf8 18. Rb3 Bc3 19. Nd7 Nxd4 20. Rxb7 Qa6
21. Rfb1 Re8 22. h3 Ne2+ 23. Kh1 Qd3 24. Qa4 Rd8 25. Qc6 Nf4 26. Nf6+ Kg7 27.
Rxf7+ Kxf7 28. Rb7+ Kf8 29. Qc5+ 1-0

[Event "22nd ch-EUR Indiv 2022"]
[Site "Terme Catez SLO"]
[Date "2022.03.30"]
[Round "4.116"]
[White "Spalir, Jernej"]
[Black "Janzelj, Lara"]
[Result "1/2-1/2"]
[WhiteTitle "IM"]
[BlackTitle "WIM"]
[WhiteElo "2373"]
[BlackElo "2160"]
[WhiteFideId "14606518"]
[BlackFideId "14608391"]
[EventDate "2022.03.27"]

1. d4 Nf6 2. c4 e6 3. Nf3 b6 4. a3 Bb7 5. Nc3 d5 6. cxd5 exd5 7. Bg5 h6 8. Bh4
a6 9. e3 Bd6 10. Bd3 Nbd7 11. O-O O-O 12. b4 Re8 13. Rc1 c6 14. Na4 a5 15. Bf5
Qc7 16. Rb1 axb4 17. axb4 Ba6 18. Re1 Bc4 19. Qc2 Qa7 20. Nc3 b5 21. Bg3 Bf8 22.
Ne5 Nxe5 23. Bxe5 Nd7 24. Bg3 Nf6 25. Be5 Nd7 26. Bg3 Nb8 27. Bh7+ Kh8 28. Bd3
Qa3 29. Bxc4 dxc4 30. Qb2 Qxb2 31. Rxb2 Ra3 32. Rc1 Na6 33. Na2 Ra8 34. Kf1 Nb8
35. Nc3 Na6 36. Na2 Ra4 37. Rcb1 Nxb4 38. Nxb4 c3 39. Nxc6 cxb2 40. Rxb2 Ra2 41.
Rxb5 Rc2 42. Ra5 Rxa5 43. Nxa5 f5 44. Nb7 Kg8 45. Nd6 g6 46. h4 h5 47. Be5 Bxd6
48. Bxd6 Kf7 49. g3 Ke6 50. Bb8 Kd5 51. Kg2 Ke4 52. Bf4 Rb2 53. Bc7 Rb5 54. Bf4
Rb2 55. Bd6 Rc2 1/2-1/2

[Event "22nd ch-EUR Indiv 2022"]
[Site "Terme Catez SLO"]
[Date "2022.03.30"]
[Round "4.117"]
[White "Manca, Federico"]
[Black "Monpeurt, Cyrielle"]
[Result "1-0"]
[WhiteTitle "IM"]
[BlackTitle "WFM"]
[WhiteElo "2370"]
[BlackElo "2156"]
[WhiteFideId "800171"]
[BlackFideId "677400"]
[EventDate "2022.03.27"]

1. e4 c5 2. c3 Nf6 3. e5 Nd5 4. d4 cxd4 5. Nf3 Nc6 6. Bc4 Nb6 7. Bb3 d5 8. exd6
Qxd6 9. O-O Be6 10. Bxe6 Qxe6 11. Nxd4 Nxd4 12. Qxd4 Rd8 13. Qh4 g6 14. Na3 Bg7
15. Bh6 Bxh6 16. Qxh6 Rd5 17. Rae1 Qf6 18. Re4 Rh5 19. Qe3 O-O 20. Nc4 Nd5 21.
Qxa7 b5 22. Ne3 Nf4 23. Qxe7 Qxe7 24. Rxe7 Rd8 25. g3 Ne6 26. Rd1 Rxd1+ 27. Nxd1
Rd5 28. Ne3 Rd2 29. Rb7 Rxb2 30. a4 Rb3 31. axb5 Rxc3 32. Ng4 Kf8 33. Ne5 Nd8
34. Ra7 Rc1+ 35. Kg2 Rb1 36. b6 Ke8 37. Nc4 Rb4 38. Nd6+ Kf8 39. b7 Rb6 40. Ra8 1-0

[Event "22nd ch-EUR Indiv 2022"]
[Site "Terme Catez SLO"]
[Date "2022.03.30"]
[Round "4.118"]
[White "Horvat, Damjan"]
[Black "Alienkin, Aleksander"]
[Result "1-0"]
[BlackTitle "IM"]
[WhiteElo "2145"]
[BlackElo "2361"]
[WhiteFideId "14545535"]
[BlackFideId "4156765"]
[EventDate "2022.03.27"]

1. e4 e6 2. d3 d5 3. Nd2 c5 4. Ngf3 Nc6 5. g3 g6 6. Bg2 Bg7 7. O-O Nf6 8. Qe2
O-O 9. Re1 b6 10. Nf1 h6 11. Bf4 Nh5 12. Bc1 Nf6 13. h4 e5 14. exd5 Nxd5 15. Ne3
Nxe3 16. Bxe3 Bb7 17. Qd2 e4 18. dxe4 Qxd2 19. Nxd2 Bxb2 20. Rab1 Bc3 21. Rb3
Bxd2 22. Bxd2 Nd4 23. Rb2 Kh7 24. a4 Bc6 25. c3 Ne6 26. a5 bxa5 27. Ra1 a4 28.
e5 Bxg2 29. Kxg2 Rab8 30. Rxb8 Rxb8 31. Rxa4 Rb2 32. Be3 Rb3 33. Rxa7 Kg7 34.
Bd2 Rb2 35. Rd7 c4 36. Be3 Rc2 37. Bd4 Rd2 38. Kf3 h5 39. Rd6 Rd3+ 40. Ke4 Rd2
41. Rc6 Rc2 42. f3 Rg2 43. Rxc4 Rxg3 44. Bf2 Rg2 45. Ke3 Kf8 46. Ke2 Rh2 47. Kf1
g5 48. Kg1 Rh3 49. Kg2 g4 50. Bg3 1-0

[Event "22nd ch-EUR Indiv 2022"]
[Site "Terme Catez SLO"]
[Date "2022.03.30"]
[Round "4.119"]
[White "O'Gorman, Tom"]
[Black "Veleski, Robert"]
[Result "1-0"]
[WhiteTitle "FM"]
[BlackTitle "FM"]
[WhiteElo "2357"]
[BlackElo "2136"]
[WhiteFideId "2508249"]
[BlackFideId "15001008"]
[EventDate "2022.03.27"]

1. d4 Nf6 2. c4 g6 3. Nf3 Bg7 4. g3 O-O 5. Bg2 d6 6. O-O Nc6 7. Nc3 a6 8. b3 Rb8
9. d5 Na5 10. Bg5 c5 11. dxc6 Nxc6 12. Rc1 h6 13. Be3 Kh7 14. Nd5 Nxd5 15. cxd5
Ne5 16. Nxe5 Bxe5 17. Qd2 Bg7 18. Rc4 Bd7 19. Bxh6 Rh8 20. Bxg7 Kxg7 21. Qc3+ f6
22. Rc1 Bb5 23. Re4 Kf7 24. a4 f5 25. Rf4 Bd7 26. Rc4 Qb6 27. a5 Qb5 28. e4 Rhc8
29. Bf1 Rxc4 30. Bxc4 Qc5 31. e5 dxe5 32. Qxe5 Qd6 33. Qd4 Bb5 34. Bxb5 axb5 35.
Rc5 Rd8 36. Rxb5 Rd7 37. Rb6 Qa3 38. Qh8 Rd6 39. Qh7+ Kf6 40. Qh4+ Kf7 41. Rxb7
Rxd5 42. Qc4 Qd6 43. Rb5 e6 44. Rxd5 exd5 45. Qd4 Qc6 46. b4 Qe6 47. Kg2 Qc6 48.
a6 Qd7 49. a7 Qb7 50. b5 Qa8 51. b6 Qb7 52. h4 Ke6 53. Kh2 1-0